[Event "Brasilia Centro Oeste-ch"]
[Site "Brasilia"]
[Date "2015.05.15"]
[Round "1"]
[White "Wolff, Carlos Alberto"]
[Black "Rabelo, Jose Carlos Vargas"]
[Result "0-1"]
[WhiteElo "1931"]
[BlackElo "1530"]
[PlyCount "60"]
[EventDate "2015.05.15"]
[EventType "swiss"]
[EventRounds "6"]
[EventCountry "BRA"]
[SourceTitle "CBM 166 Extra"]
[Source "ChessBase"]
[SourceDate "2015.06.18"]
[SourceVersion "1"]
[SourceVersionDate "2015.06.18"]
[SourceQuality "1"]

1. e4 c5 2. d4 cxd4 3. c3 dxc3 4. Nxc3 d6 5. Bc4 e6 6. Nf3 Nf6 7. 0-0 Be7 8. Qe2 0-0 9. Rd1 Qc7 10. Bg5 a6 11. Rac1 Nc6 12. a3 b5 13. Ba2 Bb7 14. Bxf6 Bxf6 15. Nd5 exd5 16. exd5 Rac8 17. dxc6 Bxc6 18. Nd4 Qd7 19. Qd3 Bb7 20. Rxc8 Bxc8 21. b4 Be5 22. Bb1 g6 23. Nf3 Qc7 24. Qe3 Bg4 25. Rc1 Qe7 26. Nd4 Qf6 27. Nc6 Bf4 28. Ne7+ Kh8 29. Nd5 Bxe3 30. Nxf6 Bxc1 0-1

[Event "Brasilia Inconfidencia Cup"]
[Site "Brasilia"]
[Date "2015.04.17"]
[Round "1"]
[White "Nascimento, Davi da Silva"]
[Black "Rabelo, Jose Carlos Vargas"]
[Result "1-0"]
[WhiteElo "2117"]
[BlackElo "1502"]
[PlyCount "123"]
[EventDate "2015.04.17"]
[EventType "swiss"]
[EventRounds "6"]
[EventCountry "BRA"]
[SourceTitle "CBM 166 Extra"]
[Source "ChessBase"]
[SourceDate "2015.06.18"]
[SourceVersion "1"]
[SourceVersionDate "2015.06.18"]
[SourceQuality "1"]

1. d4 d5 2. c4 c6 3. Nc3 Nf6 4. Nf3 e6 5. Bg5 Be7 6. e3 0-0 7. c5 b6 8. b4 Ba6 9. Be2 Bxe2 10. Nxe2 Nbd7 11. 0-0 h6 12. Bf4 Nh5 13. Ne5 Nxf4 14. exf4 Qc7 15. Qc2 Nxe5 16. fxe5 b5 17. f4 a5 18. a3 Ra7 19. f5 exf5 20. Qxf5 Qc8 21. Qh5 Bg5 22. Qf3 Qe6 23. Nf4 Qf5 24. Rae1 Bxf4 25. Qxf4 Qxf4 26. Rxf4 Re8 27. Ref1 Ree7 28. h4 axb4 29. axb4 Ra4 30. Rb1 Re6 31. Rb3 Rg6 32. g3 Ra2 33. Rbf3 Ra7 34. Kg2 Ra2+ 35. Kh3 Ra7 36. h5 Re6 37. Kg4 Ree7 38. Kh4 Ra4 39. Rb3 Rea7 40. Re3 Re7 41. Rb3 Rea7 42. Rff3 Ra1 43. Rfd3 Rc1 44. Kg4 Rc4 45. Kf5 Ra4 46. e6 Kf8 47. Ke5 Rcxb4 48. Rxb4 Rxb4 49. exf7 Rc4 50. Kd6 b4 51. g4 Rc3 52. Rd1 b3 53. Kxc6 b2 54. Rb1 Rg3 55. Rxb2 Rxg4 56. Rb4 Rg5 57. Kb7 Rxh5 58. c6 Rf5 59. c7 Rxf7 60. Rb5 g5 61. Rxd5 g4 62. Rf5 1-0

[Event "Brasilia FBX op"]
[Site "Brasilia"]
[Date "2015.03.01"]
[Round "4"]
[White "Maio Guedes, Luis Augusto"]
[Black "Rabelo, Jose Carlos Vargas"]
[Result "1-0"]
[WhiteElo "1807"]
[BlackElo "1478"]
[PlyCount "139"]
[EventDate "2015.02.27"]
[EventType "swiss"]
[EventRounds "5"]
[EventCountry "BRA"]
[SourceTitle "CBM 165 Extra"]
[Source "ChessBase"]
[SourceDate "2015.04.21"]
[SourceVersion "1"]
[SourceVersionDate "2015.04.21"]
[SourceQuality "1"]

1. e4 c5 2. Nf3 Nc6 3. Bc4 d6 4. d4 cxd4 5. Nxd4 Nf6 6. Nc3 a6 7. Bb3 g6 8. Nxc6 bxc6 9. e5 Ng8 10. Qf3 d5 11. Nxd5 cxd5 12. Bxd5 Bf5 13. Bc6+ Bd7 14. Bxa8 Qa5+ 15. c3 Qxe5+ 16. Be3 Bh6 17. 0-0-0 Bxe3+ 18. fxe3 Nf6 19. Bc6 Bxc6 20. Qxc6+ Kf8 21. Rd8+ Kg7 22. Rxh8 Kxh8 23. Re1 Qa5 24. Kb1 Kg7 25. h3 Qf5+ 26. Ka1 Qf2 27. Rb1 Qxe3 28. Qxa6 Nd5 29. Qc4 Qg5 30. Re1 Qxg2 31. a4 e6 32. a5 Qg3 33. Re2 Nf4 34. Qd4+ Kg8 35. Rf2 e5 36. Qd8+ Kg7 37. Rd2 Ne6 38. Qd7 Nc5 39. Qd5 Qe3 40. Rd1 Qe2 41. Ka2 Na4 42. Rd2 Qe3 43. Kb3 Nc5+ 44. Kb4 Na6+ 45. Kc4 Qf4+ 46. Kb3 Qe3 47. Kc2 Nc7 48. Qd7 Qe4+ 49. Kb3 Na6 50. Ka2 Qc4+ 51. Kb1 Qe4+ 52. Qd3 Qh1+ 53. Kc2 Qc6 54. Kb1 Qh1+ 55. Ka2 Qc6 56. b3 h5 57. Qc4 Qb7 58. Rd6 Qg2+ 59. Ka3 Nb8 60. Qb5 Qg5 61. Qxb8 Qc1+ 62. Kb4 Qf4+ 63. Rd4 Qf6 64. Rd6 Qf4+ 65. c4 Qg3 66. Qd8 Qe1+ 67. Kb5 Qc3 68. Qf6+ Kh6 69. b4 Qxh3 70. Rd8 1-0

[Event "Brasilia FBX op"]
[Site "Brasilia"]
[Date "2015.02.28"]
[Round "2"]
[White "Rabelo, Jose Carlos Vargas"]
[Black "Da Silva, Mikhail Zoltan Iwan"]
[Result "0-1"]
[WhiteElo "1478"]
[BlackElo "2027"]
[PlyCount "86"]
[EventDate "2015.02.27"]
[EventType "swiss"]
[EventRounds "5"]
[EventCountry "BRA"]
[SourceTitle "CBM 165 Extra"]
[Source "ChessBase"]
[SourceDate "2015.04.21"]
[SourceVersion "1"]
[SourceVersionDate "2015.04.21"]
[SourceQuality "1"]

1. e4 e5 2. Nf3 Nc6 3. Bb5 a6 4. Bxc6 dxc6 5. d3 Bd6 6. h3 h6 7. Be3 Nf6 8. 0-0 0-0 9. Nbd2 Re8 10. Nc4 Bd7 11. Qd2 Kh7 12. Nxd6 cxd6 13. Qb4 Qc7 14. Bb6 Qb8 15. Nd2 d5 16. Bc5 Qc8 17. f4 exf4 18. Rxf4 dxe4 19. Nxe4 Nxe4 20. Rxe4 Be6 21. Rf1 b5 22. Rf2 a5 23. Qd4 Rd8 24. Qe3 Rd5 25. Re5 Qd7 26. b3 a4 27. Rxd5 Qxd5 28. c4 bxc4 29. bxc4 Qd7 30. Rb2 Rd8 31. Rd2 Rb8 32. Bd4 Rb1+ 33. Kh2 f6 34. Bc5 Qc7+ 35. g3 Qd7 36. g4 Qc7+ 37. Kg2 Bf7 38. d4 Rc1 39. Qe4+ Bg6 40. Qe2 Qf4 41. Rd1 Be4+ 42. Kg1 Qg3+ 43. Kf1 Bg2+ 0-1